<?xml version="1.0" encoding="UTF-8"?>
<record
    xmlns:xsi="http://www.w3.org/2001/XMLSchema-instance"
    xsi:schemaLocation="http://www.loc.gov/MARC21/slim http://www.loc.gov/standards/marcxml/schema/MARC21slim.xsd"
    xmlns="http://www.loc.gov/MARC21/slim">

  <leader>00986cam a2200301 i 4500</leader>
  <datafield tag="999" ind1=" " ind2=" ">
    <subfield code="c">4713</subfield>
    <subfield code="d">4713</subfield>
  </datafield>
  <controlfield tag="001">1809552</controlfield>
  <controlfield tag="003">OSt</controlfield>
  <controlfield tag="005">20220328073140.0</controlfield>
  <controlfield tag="008">791113s1980    ilua     b    001 0 eng  </controlfield>
  <datafield tag="010" ind1=" " ind2=" ">
    <subfield code="a">   79024809 </subfield>
  </datafield>
  <datafield tag="020" ind1=" " ind2=" ">
    <subfield code="a">0815141076 :</subfield>
    <subfield code="c">$38.50</subfield>
  </datafield>
  <datafield tag="040" ind1=" " ind2=" ">
    <subfield code="a">DLC</subfield>
    <subfield code="c">ALUPE UNIVERSITY</subfield>
    <subfield code="d">DLC</subfield>
  </datafield>
  <datafield tag="050" ind1="0" ind2="0">
    <subfield code="a">RJ51</subfield>
    <subfield code="b">H34 1980</subfield>
  </datafield>
  <datafield tag="060" ind1=" " ind2=" ">
    <subfield code="a">WS141 H185p</subfield>
  </datafield>
  <datafield tag="082" ind1="0" ind2="0">
    <subfield code="a">618.9/2007/54</subfield>
  </datafield>
  <datafield tag="100" ind1="1" ind2=" ">
    <subfield code="a">Haller, Jack O.</subfield>
    <subfield code="q">(Jack Oliver),</subfield>
    <subfield code="d">1944-</subfield>
  </datafield>
  <datafield tag="245" ind1="1" ind2="0">
    <subfield code="a">Pediatric ultrasound /</subfield>
    <subfield code="c">Jack O. Haller, Morton Schneider.</subfield>
  </datafield>
  <datafield tag="260" ind1=" " ind2=" ">
    <subfield code="a">Chicago :</subfield>
    <subfield code="b">Year Book Medical Publishers,</subfield>
    <subfield code="c">c1980.</subfield>
  </datafield>
  <datafield tag="300" ind1=" " ind2=" ">
    <subfield code="a">xi, 279 p. ;</subfield>
    <subfield code="b">ill. ;</subfield>
    <subfield code="c">24 cm.</subfield>
  </datafield>
  <datafield tag="504" ind1=" " ind2=" ">
    <subfield code="a">Includes bibliographies and index.</subfield>
  </datafield>
  <datafield tag="650" ind1=" " ind2="0">
    <subfield code="a">Children</subfield>
    <subfield code="x">Diseases</subfield>
    <subfield code="x">Diagnosis.</subfield>
  </datafield>
  <datafield tag="650" ind1=" " ind2="0">
    <subfield code="a">Diagnostic ultrasonic imaging.</subfield>
  </datafield>
  <datafield tag="650" ind1=" " ind2="2">
    <subfield code="a">Diagnosis</subfield>
    <subfield code="x">In infancy and childhood.</subfield>
  </datafield>
  <datafield tag="650" ind1=" " ind2="2">
    <subfield code="a">Ultrasonics</subfield>
    <subfield code="x">Diagnostic use.</subfield>
  </datafield>
  <datafield tag="700" ind1="1" ind2=" ">
    <subfield code="a">Schneider, Morton,</subfield>
    <subfield code="e">joint author.</subfield>
  </datafield>
  <datafield tag="906" ind1=" " ind2=" ">
    <subfield code="a">7</subfield>
    <subfield code="b">cbc</subfield>
    <subfield code="c">orignew</subfield>
    <subfield code="d">1</subfield>
    <subfield code="e">ocip</subfield>
    <subfield code="f">19</subfield>
    <subfield code="g">y-gencatlg</subfield>
  </datafield>
  <datafield tag="942" ind1=" " ind2=" ">
    <subfield code="2">lcc</subfield>
    <subfield code="c">BK</subfield>
    <subfield code="n">DO</subfield>
  </datafield>
  <datafield tag="952" ind1=" " ind2=" ">
    <subfield code="0">0</subfield>
    <subfield code="1">0</subfield>
    <subfield code="2">lcc</subfield>
    <subfield code="4">0</subfield>
    <subfield code="7">0</subfield>
    <subfield code="a">MLIB</subfield>
    <subfield code="b">MLIB</subfield>
    <subfield code="c">OS</subfield>
    <subfield code="d">2022-03-28</subfield>
    <subfield code="e">DONATION FROM MOI UNIVERSITY</subfield>
    <subfield code="l">0</subfield>
    <subfield code="o">RJ51 .H34 1980</subfield>
    <subfield code="p">28006994</subfield>
    <subfield code="r">2022-03-28</subfield>
    <subfield code="w">2022-03-28</subfield>
    <subfield code="y">BK</subfield>
    <subfield code="z">DO</subfield>
  </datafield>
</record>
